| 000 | 00646 a2200205 4500 | ||
|---|---|---|---|
| 010 | _aENG-90208 | ||
| 020 |
_a8181575989 _c200.00 |
||
| 035 | _aEN-73741 | ||
| 037 | _bDBAD / PUB | ||
| 082 | 1 | 4 | _aS |
| 090 |
_c12832 _d12832 |
||
| 100 | 1 | _aDash, Naren Chandra | |
| 245 | 1 |
_aSnippets of life/ _cby Naren Chandra Dash |
|
| 260 |
_aKolkata _bWriters Workshop _c2006 |
||
| 270 |
_a162/92, Lake Gardens, _bKolkatta _e700 045 |
||
| 300 |
_a124p. _c22 cm ( Hb.) |
||
| 490 | _aA Writers Workshop saffronbird book | ||
| 942 |
_adpl _cEN _kS / DAS |
||
| 999 |
_c12468 _d12468 |
||